000 00837nam a2200241 a 4500
001 64872
003 BD-RjUL
005 20211209081349.0
008 170223s1970 bg |||| |||| 000 0 ben d
020 _c: Tk. 3.00
035 _a(BD-RjUL)65002
040 _aBD-RjUL
_bben
_cBD-RjUL
_dBD-RjUL
041 _aben
082 _223
_a891.441
_bGUP 1970
100 1 _aগুণ, নির্মলেন্দু
_9179544
245 1 _aপ্রেমাংশুর রক্ত চাই /
_cনির্মলেন্দু গুণ
250 _a২ য় সং.
260 _aঢাকা :
_bখান বাদার্স এন্ড কোং. ;
_c১৯৭০
300 _a৬৩ পৃ. :
_c১৯ সেমি.
650 _aবাংলাকবিতা
_9171326
650 _aBengali poetry
_9179514
942 _2ddc
_cBK
999 _c64872
_d64872